00533pab a2200169 454500008004000000100001800040245007300058260000900131300001500140362001100155650002100166650002400187773002000211909001000231999001700241952010500258180718b2004 xxu||||| |||| 00| 0 eng d aTikku, Nirmal aTraining activities in the area of nutrition and health: an analysis c2004 ap.9-11,20. a19 Apr aHealth education aNutrition education aUniversity News a60258 c60258d60258 00104070aIIPAbIIPAd2018-07-19hVolume no: 42, Issue no: 16pAR60704r2018-07-19w2018-07-19yAR